Qui a Tué Palomino Molero? / (Record no. 83160)
[ view plain ]
| 000 -LEADER | |
|---|---|
| campo de control de longitud fija | 00685cam a2200217 i 4500 |
| 001 - NÚMERO DE CONTROL | |
| campo de control | 116657 |
| 005 - FECHA Y HORA DE LA ÚLTIMA TRANSACCIÓN | |
| campo de control | 20230410130935.0 |
| 008 - DATOS DE LONGITUD FIJA--INFORMACIÓN GENERAL | |
| campo de control de longitud fija | 140806s1987 fr r 000 0 fre d |
| 020 ## - NÚMERO INTERNACIONAL ESTÁNDAR DEL LIBRO | |
| Número Internacional Estándar del Libro | 9782070381234 |
| 041 0# - CÓDIGO DE IDIOMA | |
| Código de lengua del texto/banda sonora o título independiente | Fre |
| 050 14 - SIGNATURA TOPOGRÁFICA DE LA BIBLIOTECA DEL CONGRESO | |
| Número de clasificación | PQ 8498.32 |
| Número de ítem | V297q 1987 |
| 100 1# - ENTRADA PRINCIPAL--NOMBRE DE PERSONA | |
| Nombre de persona | Vargas Llosa, Mario, |
| Fechas asociadas al nombre | 1936- |
| 245 10 - MENCIÓN DEL TÍTULO | |
| Título | Qui a Tué Palomino Molero? / |
| Mención de responsabilidad, etc. | Mario Vargas Llosa |
| 260 ## - PUBLICACIÓN, DISTRIBUCIÓN, ETC. | |
| Lugar de publicación, distribución, etc. | Paris, Francia : |
| Nombre del editor, distribuidor, etc. | Gallimar, |
| Fecha de publicación, distribución, etc. | 1987 |
| 300 ## - DESCRIPCIÓN FÍSICA | |
| Extensión | 189 p.: |
| Otras características físicas | ill; |
| Dimensiones | 18cm |
| 440 #0 - MENCIÓN DE SERIE/PUNTO DE ACCESO ADICIONAL--TÍTULO | |
| Título | Collection Folio |
| 520 ## - RESUMEN, ETC. | |
| Sumario, etc. | Le corps d' un jeune homme affreusement mutilé, accroché à un arbre, a été découvert par un jeune chevrier. |
| 650 #4 - PUNTO DE ACCESO ADICIONAL DE MATERIA--TÉRMINO DE MATERIA | |
| Término de materia o nombre geográfico como elemento de entrada | Literatura Peruana. |
| 942 ## - ELEMENTOS DE ENTRADA SECUNDARIOS (KOHA) | |
| Fuente del sistema de clasificación o colocación | Clasificación de Library of Congress |
| Tipo de ítem Koha | |
| 946 ## - PROCESAMIENTO DE INFORMACIÓN LOCAL (OCLC) | |
| a | IMRO |
| Estatus retirado | Estado de pérdida | Fuente del sistema de clasificación o colocación | Estado de daño | No para préstamo | Colección | Biblioteca de origen | Biblioteca actual | Ubicación en estantería | Fecha de adquisición | Serial enumeration / chronology | Signatura topográfica completa | Código de barras | Visto por última vez | Copia número | Tipo de ítem Koha |
|---|---|---|---|---|---|---|---|---|---|---|---|---|---|---|---|
| Clasificación de Library of Congress | Humanidades | Biblioteca Juan Bosch | Biblioteca Juan Bosch | Humanidades (4to. Piso) | 10/04/2023 | 1 | PQ 8498.32 V297q 1987 | 00000109320 | 25/10/2018 | 1 |
